| 000 | 01870nam a2200445 c 4500 | ||
|---|---|---|---|
| 999 |
_c177289 _d177289 |
||
| 003 | BLK | ||
| 005 | 20250118142211.0 | ||
| 008 | 180411b bul|||||r ||||||| ||bul|| | ||
| 010 | _aKNG00185949000 | ||
| 020 | _a978-954-92946-2-0 | ||
| 040 | _aBLK | ||
| 041 |
_aBUL _cBUL |
||
| 072 | 7 |
_2bullib _aН00 _xОбщ отдел Н |
|
| 080 |
_aКнига. Книгоиздание. Книгознание _b002.19 _x(497.2)(091) _z002.19(497.2)(091) |
||
| 100 | 1 |
_aРадева, Живка Василева _eпърви автор _9368950 |
|
| 139 |
_aРадева, Живка Василева _bР 12 |
||
| 245 | 1 | 0 |
_aСборникът през Възраждането _bКъм проблема за видовата характеристика на възрожденските книги _cЖивка Василева Радева. |
| 257 | _aBGR | ||
| 260 |
_bНар. библ. П. Р. Славейков _c2012 _fВ. Търново : Ивис _aВ. Търново |
||
| 300 |
_a311 с. _bс ил., факс. _c20 см |
||
| 380 | _a0 | ||
| 500 | _aБиблиогр. с. 299-310 и под линия. | ||
| 650 | 4 |
_aКниги, български _9300482 |
|
| 650 | 4 |
_aИздателско дело - България - история _9275409 |
|
| 650 | 0 |
_aБългария - история, Възраждане _9276607 |
|
| 651 | 4 |
_aБългария _9241624 |
|
| 653 | _aбългарски книги | ||
| 653 | _aкнигоиздаване | ||
| 653 | _aиздателско дело | ||
| 653 | _aВъзраждане | ||
| 653 | _aбългарска история | ||
| 659 | _aН | ||
| 852 | _aЦб 279035 | ||
| 856 | 4 | _qpdf | |
| 856 | 4 | _qpdf | |
| 942 |
_cKNG _n0 _s1 |
||
| 944 |
_aCR _c19.01.2016 _lГеновева Генчева _k30560 |
||
| 944 |
_aED _c19.04.2016 _lф / _kЛюдмила_Стоянова |
||
| 999 | _d177289 | ||